Movies Quiz

Random Movies or Letter Quiz
Score 0/20 Timer 02:30
1 Play Today
% Correct
Eve
96.2%
Eat
95%
Expecting
94%
Eight
92.7%
End
91.7%
Engagement
91.6%
Ebbing
91.5%
Exotic
91.3%
Epic
91.2%
Evil
90.8%
% Correct
Escape
90.3%
Eli
89.6%
Elephants
88.8%
Edge
87.5%
Enough
86.2%
Exit
84%
El
82.5%
Erased
80%
Enemy
77.6%
Everyone
74.8%
Remove Ads.
Support Sporcle.
Get the best of Sporcle when you Go Orange. This ad-free experience offers more features, more stats, and more fun while also helping to support Sporcle. Thank you for becoming a member.

You're not logged in!

Compare scores with friends on all Sporcle quizzes.
OR
Log In

Show Comments

Extras

Top Quizzes Today


Score Distribution

Your Account Isn't Verified!

In order to create a playlist on Sporcle, you need to verify the email address you used during registration. Go to your Sporcle Settings to finish the process.

Report this User

Report this user for behavior that violates our Community Guidelines.

Details: